effectivness on water spinach growth using organic fertilizer of farmer at sangkat ou krasa, kep town (ប្រសិទ្ធភាពជីសរីរាង្គលើដំណាំត្រគួនរបស់កសិករនៅសង្កាត់ អូរក្រសា ក្រុងកែប) (Record no. 4460)

000 -LEADER
fixed length control field 00671nam a22001577a 4500
003 - CONTROL NUMBER IDENTIFIER
control field OSt
005 - DATE AND TIME OF LATEST TRANSACTION
control field 20151214090318.0
008 - FIXED-LENGTH DATA ELEMENTS--GENERAL INFORMATION
fixed length control field 151214b xxu||||| |||| 00| 0 eng d
040 ## - CATALOGING SOURCE
Transcribing agency RUA
082 ## - DEWEY DECIMAL CLASSIFICATION NUMBER
Classification number ATM NOP 2004 B214 Or.1
100 ## - MAIN ENTRY--PERSONAL NAME
9 (RLIN) 4785
Personal name NOP, KIM.
245 ## - TITLE STATEMENT
Title effectivness on water spinach growth using organic fertilizer of farmer at sangkat ou krasa, kep town (ប្រសិទ្ធភាពជីសរីរាង្គលើដំណាំត្រគួនរបស់កសិករនៅសង្កាត់ អូរក្រសា ក្រុងកែប)
260 ## - PUBLICATION, DISTRIBUTION, ETC. (IMPRINT)
Place of publication, distribution, etc. Phnom Penh
Name of publisher, distributor, etc. RUA
Date of publication, distribution, etc. 2004
300 ## - PHYSICAL DESCRIPTION
Extent vii, 41p.
Other physical details ill.
Dimensions 29cm.
942 ## - ADDED ENTRY ELEMENTS (KOHA)
Source of classification or shelving scheme
Koha item type ATM
Holdings
Price effective from Date last seen Permanent Location Not for loan Date acquired Source of classification or shelving scheme Koha item type Barcode Lost status Damaged status Shelving location Withdrawn status Current Location Full call number
2015-12-142015-12-14Library Block B 2015-12-14 ATMRUA018142  B214 Library Block BATM NOP 2004 B214 Or.1
2015-12-142015-12-14Library Block B 2015-12-14 ATMRUA018070  B214 Library Block BATM NOP 2004 B214 Or.2
2015-12-142015-12-14Library Block B 2015-12-14 ATMRUA018496  B214 Library Block BATM NOP 2004 B214 Or.3
2015-12-142015-12-14Library Block B 2015-12-14 ATMRUA018064  B214 Library Block BATM NOP 2004 B214 Or.4
2015-12-142015-12-14Library Block B 2015-12-14 ATMRUA009700  B214 Library Block BATM NOP 2004 B214 Or.5
2015-12-142015-12-14Library Block B 2015-12-14 ATMRUA017566  B214 Library Block BATM NOP 2004 B214 Or.6
2015-12-142015-12-14Library Block B 2015-12-14 ATMRUA017899  B214 Library Block BATM NOP 2004 B214 Or.7
2015-12-142015-12-14Library Block B 2015-12-14 ATMRUA017868  B214 Library Block BATM NOP 2004 B214 Or.8
2016-02-042016-02-04Library Block B 2016-02-04 ATMRUA033964  B214 Library Block BATM NOP 2004 B214 Or.9
មជ្ឈមណ្ឌលឯការនៃសាកលវិទ្យាល័យភូមិន្ទកសិកម្មចំការដូង

Powered by Koha